000 00201 a2200097 4500
020 _a9789501181241
041 _aspa
100 _aTolstoi Hesse
245 _aClasicos de Animales juveniles
942 _cBK
999 _c27936
_d27936